00601nam a2200169Ia 4500008004100000020001500041041000800056082001600064100002200080245009400102250000600196260003900202300001300241650002200254999001900276952013600295210716s2006 xx 000 0 und d a8177587498 aeng a004.65 COMD aComer, Douglas E. aComputer networks and internets: with internet applications.bWith internet applications. a4 aNew DelhibPearson Educationc2006 axxxi,719 aComputer Networks c187567d187567 001040708MCAaAIMITbAIMITeHigginbothams Pvt Ltdg350.00l0o004.65 COMDpMCA07075r2025-07-21 00:00:00v280.00w2021-07-16yBK